| 000 | 00848nam a2200169 a 4500 | ||
|---|---|---|---|
| 008 | 120416s0000 ||||||||||||||||| || u | ||
| 020 | _a8120310470 | ||
| 050 | _aTJ 211.35 Sch | ||
| 100 | _aSchilling, Robert J | ||
| 245 | 1 | 0 | _aFundamentals of robotics |
| 246 | _aanalysis and control | ||
| 260 |
_aNew Delhi _bPrentice Hall of India _c2000 |
||
| 350 | _a0.00 | ||
| 995 |
_aMAIN LIBRARY OPEN ACCESS _D0.00 _e732016 _FCBU-MAIN LIBRARY (Kitwe) _H1 _I25.00 _jTJ 211.35 Sch _M1 _UAVAILABLE _y029503 _ZMain Library Open Access Collection |
||
| 995 |
_aMAIN LIBRARY OPEN ACCESS _D0.00 _e732018 _FCBU-MAIN LIBRARY (Kitwe) _H2 _I25.00 _jTJ 211.35 Sch _M2 _UAVAILABLE _y029459 _ZMain Library Open Access Collection |
||
| 995 |
_aMAIN LIBRARY OPEN ACCESS _D0.00 _e732017 _FCBU-MAIN LIBRARY (Kitwe) _H3 _I25.00 _jTJ 211.35 Sch _UAVAILABLE _y029492 _ZMain Library Open Access Collection |
||
| 999 |
_c63376 _d63376 |
||